Retirement income on the house : cashing in on your home with a "reverse" mortgage (Record no. 34440)

MARC details
000 -LEADER
fixed length control field 00470nam a2200181Ia 4500
020 ## - INTERNATIONAL STANDARD BOOK NUMBER
ISBN 0963011960
050 ## - CALL MARK
Classification number HG 2040 .5 .U5 S35/
100 ## - STATEMENT OF RESPONSIBILITY--MAIN AUTHOR NAME
Personal name Scholen, Ken
245 #0 - TITLE STATEMENT
Title Retirement income on the house : cashing in on your home with a "reverse" mortgage
260 ## - PUBLICATION, DISTRIBUTION, ETC. (IMPRINT)
Place of publication Marshall
260 ## - PUBLICATION, DISTRIBUTION, ETC. (IMPRINT)
Name of publisher NCHEC Press
260 ## - PUBLICATION, DISTRIBUTION, ETC. (IMPRINT)
Year of publication 1992
300 ## - PHYSICAL DESCRIPTION
Number of Pages 340 p
650 ## - SUBJECT ADDED ENTRY--TOPICAL TERM
Topical Term Retirement
942 ## - ADDED ENTRY ELEMENTS (KOHA)
Koha item type Books
Holdings
Withdrawn status Lost status Source of classification or shelving scheme Damaged status Not for loan Permanent Location Current Location Date acquired Accession Number Price effective from Koha item type
    Library of Congress Classification     NILE UNIVERSITY OF NIGERIA - MAIN LIBRARY NILE UNIVERSITY OF NIGERIA - MAIN LIBRARY 04/23/2025 0004110 04/23/2025 Books